Responses for Show #622 - Tuesday, April 28, 1987

Contestants

[<< previous game]

Nancy Adams, a medical business manager from Albany, California

Bruce Adelstein, a research consultant from Los Angeles, California

Peggy Johnson, a teacher from San Diego, California

[next game >>]

Jeopardy! Round responses

(Alex: We're an equal opportunity show, so we've got...)
MAN IN SPACE
(Alex: Followed by...)
WOMEN IN HISTORY
CARTOONS
AUSTRALIA
IN OTHER WORDS...
HIPS
    $100 2
(Bruce: What is the Soviet Union?)

Japan

PeggyBruce
    $100 1
Antarctica

Bruce
    $100 23
Mr. Magoo

Peggy
    $100 17
World War I

Bruce
    $100 13
united we stand, divided we fall

Nancy
    $100 8
Hip, hip

Nancy
    $200 7
(Bruce: What is a chimpanzee?)

a dog

BruceNancy
    $200 3
a day

Bruce
    $200 24
(Peggy: Who are [*]?)
(Alex: Well, Boris and Natasha is good enough for me!)

Natasha Fatale and Boris Badenov

Peggy
    $200 18
(Nancy: What are opals?)

gold

PeggyNancy
    $200 14
April showers bring May flowers

Nancy
    $200 9
hippies

Peggy
    $300 28
[The end-of-round signal sounds.]

Columbia

Triple Stumper
    $300 4
first woman in the cabinet

Nancy
    $300 25
Magilla Gorilla

Bruce
    $300 19
Prince Charles

Nancy
    $300 15
Never look a gift horse in the mouth

Nancy
    $300 10
a rose

Nancy
    $400 27
thrust

Bruce
    $400 5
Pocahontas

Nancy
    $400 21
(Nancy: No idea.)

Sale of the Century or Scrabble

Nancy
    $400 16
One bad apple spoils the barrel

Peggy
    $400 11
horse

Nancy
    $500 26
Presidents Kennedy and Johnson

Peggy
    $500 6
(Peggy: Who is Anne Boleyn?

Catherine Howard

PeggyBruce
    $500 22
(Peggy: What are dogs?)
(Alex: Dogs, yes, well, be more specific.)
(Peggy: What are [*]?)
(Alex: Yeah, that's it, the dingoes.)

wild dogs

Peggy
    $500 20
(Alex: Just, in fact, that would describe this clue. [*].)

go over like a lead balloon

Triple Stumper
    $500 12
(Bruce: What is clipping?)

offsides

Bruce
Triple Stumper

Scores at the first commercial break (after clue 12):

Peggy Bruce Nancy
-$200 $0 $1,700

Scores at the end of the Jeopardy! Round:

Peggy Bruce Nancy
$1,700 $800 $2,000

Double Jeopardy! Round responses

SCIENCE
RELIGION
MUSICAL ANATOMY
BUSINESS TRIVIA
BRITISH NOVELS
HOPS
(Alex: And since we had HIPS in the first round, we've got [*] in this one.)
    $200 1
vaccination

Peggy
    $200 3
Catholic

Bruce
    $200 10
your ears

Nancy
    $200 18
Dole

Bruce
    $200 2
The War of the Worlds

Bruce
    $200 19
beer

Peggy
    $400 4
fulcrum

Bruce
    $400 5
Jerusalem

Peggy
    $400 12
under her feet

Bruce
    $300 24
(Peggy: What is for the hearing impaired?)

in stereo

Peggy
    $400 6
Pilgrim's Progress

Bruce
    $400 23
a hopper

Triple Stumper
    $600 7
(Peggy: What is neolithic, paleothic, and...)
[The time expiry signal sounds.]
(Nancy: What are B.C., the Christian era, and A.D.?)

Stone, Bronze, and Iron

PeggyNancy
Triple Stumper
    $600 8
Unitarians

Nancy
    $600 13
(Peggy: What is near your heart?)
(Nancy: What is around your-my-finger?)

your neck

PeggyNancy
Triple Stumper
    $600 25
Western Electric

Nancy
    $600 9
(Alex: Yes, Wilfred of [*], correct.)

Ivanhoe

Bruce
    $1,000 16
positive and electron

Bruce
    $800 14
Hindus

Bruce
    $800 21
(Bruce: What is the heart?)
...
(Alex: Yes, drums keep poundin' rhythm to [*].)

the brain

PeggyBruce
    $800 26
deodorizer

Nancy
    $800 11
Dorian Gray

Peggy
    $1000 17
(Alex: The lithosphere is the land mass, the [*] is, of course, the water.)

hydrosphere

Triple Stumper
    $1000 15
Billy Sunday

Triple Stumper
    $1000 22
(Nancy: What is my feet might freeze?)
...
(Alex: Nancy was on the right track with the wrong part of the body, [*].)

your lips might freeze

Nancy
Triple Stumper
    $1000 27
(Alex: A lot of TV ads for it recently, what is [*]?)
[The end-of-round signal sounds.]

Unisys

Triple Stumper
    $1000 20
a foundling

Triple Stumper

Scores at the end of the Double Jeopardy! Round:

Peggy Bruce Nancy
$2,600 $4,200 $2,000

[wagering suggestions for these scores]

Final Jeopardy! Round responses

U.S. PRESIDENTS
(Alex: There were four assassinated presidents: Lincoln, Garfield, McKinley, JFK, and there were four others who died in office of natural causes for a total of [*]. You're right.)
NancyWhat is 6?
$1,995
PeggyWhat is 13?
$1,500
BruceWhat is 8?
$1,500
8

Final scores:

Peggy Bruce Nancy
$1,100 $5,700 $5
2nd place: a trip to New York New champion: $5,700 3rd place: an Ensoniq digital piano

Game dynamics:

Coryat scores:

Peggy Bruce Nancy
$2,900 $4,000 $2,400
13 R,
4 W
(including 1 DD)
15 R
(including 1 DD),
4 W
14 R,
5 W
(including 1 DD)

Combined Coryat: $9,300

[game clues] [game scores] [suggest correction]

Game tape date: 1987-01-07
The J! Archive is created by fans, for fans. Scraping, republication, monetization, and malicious use prohibited; this site may use cookies and collect identifying information. See terms. The Jeopardy! game show and all elements thereof, including but not limited to copyright and trademark thereto, are the property of Jeopardy Productions, Inc. and are protected under law. This website is not affiliated with, sponsored by, or operated by Jeopardy Productions, Inc. Join the discussion at JBoard.tv.